<?xml version="1.0" encoding="UTF-8"?>
<record
    xmlns:xsi="http://www.w3.org/2001/XMLSchema-instance"
    xsi:schemaLocation="http://www.loc.gov/MARC21/slim http://www.loc.gov/standards/marcxml/schema/MARC21slim.xsd"
    xmlns="http://www.loc.gov/MARC21/slim">

  <leader>01769nam a22003137a 4500</leader>
  <controlfield tag="001">5258</controlfield>
  <controlfield tag="003">FISKH</controlfield>
  <controlfield tag="005">20241121141254.0</controlfield>
  <controlfield tag="008">241121b        cb ||||| |||| 00| 0 eng d</controlfield>
  <datafield tag="020" ind1=" " ind2=" ">
    <subfield code="a">9780194791328</subfield>
  </datafield>
  <datafield tag="040" ind1=" " ind2=" ">
    <subfield code="a">FISKH</subfield>
    <subfield code="b">eng</subfield>
    <subfield code="c">FISKH</subfield>
    <subfield code="d">FISKH</subfield>
  </datafield>
  <datafield tag="050" ind1=" " ind2=" ">
    <subfield code="a">PZ7.P7515</subfield>
  </datafield>
  <datafield tag="082" ind1=" " ind2=" ">
    <subfield code="a">813.3</subfield>
  </datafield>
  <datafield tag="100" ind1=" " ind2=" ">
    <subfield code="a">Poe, Edgar Allan</subfield>
  </datafield>
  <datafield tag="245" ind1=" " ind2=" ">
    <subfield code="a">Tales of Mystery and Imagination /</subfield>
    <subfield code="c">by Edgar Allan Poe</subfield>
  </datafield>
  <datafield tag="260" ind1=" " ind2=" ">
    <subfield code="a">New York : </subfield>
    <subfield code="b">Oxford University Press ;</subfield>
    <subfield code="c">2008 .</subfield>
  </datafield>
  <datafield tag="300" ind1=" " ind2=" ">
    <subfield code="a">72 pages : </subfield>
    <subfield code="b">illustrations ;</subfield>
    <subfield code="c">21 cm . </subfield>
  </datafield>
  <datafield tag="490" ind1=" " ind2=" ">
    <subfield code="a">Oxford Bookworm</subfield>
    <subfield code="v">Stage 3</subfield>
  </datafield>
  <datafield tag="505" ind1=" " ind2=" ">
    <subfield code="a">Z 
</subfield>
  </datafield>
  <datafield tag="520" ind1=" " ind2=" ">
    <subfield code="a">According to even his most forgiving biographers, Edgar Allan Poe (1809-49) was a difficult man. Arrested whilst touring Europe, and expelled from the United States Military Academy at West Point, he tended to lose both work and friends through drunkenness. Best known for his goriest stories, Poe is often presented to the modern reader as a writer of horror. However, this collection, published in 1852, offers a broader selection of his work. It includes one of his first pieces of detective fiction, 'The Gold-Beetle', resulting from his preoccupation with cryptography; 'A Descent into the Maelstr&#xF6;m', an early example of science fiction; the mesmeric verse of 'The Raven'; and some of his lesser-known love poetry. A pioneer of modern genre fiction, Poe remains important and influential in the American literary canon. This lavishly illustrated collection represents an excellent introduction to his work.</subfield>
  </datafield>
  <datafield tag="521" ind1="8" ind2=" ">
    <subfield code="a">980 
</subfield>
    <subfield code="b">Lexile 
</subfield>
  </datafield>
  <datafield tag="521" ind1="8" ind2=" ">
    <subfield code="a">Z 
</subfield>
    <subfield code="b">Raz-Plus 
</subfield>
  </datafield>
  <datafield tag="650" ind1=" " ind2=" ">
    <subfield code="a">mystery</subfield>
    <subfield code="v">fiction</subfield>
  </datafield>
  <datafield tag="650" ind1=" " ind2=" ">
    <subfield code="a">horror</subfield>
    <subfield code="v">fiction</subfield>
  </datafield>
  <datafield tag="650" ind1=" " ind2=" ">
    <subfield code="a">Edgar Allan Poe</subfield>
    <subfield code="v">fiction</subfield>
  </datafield>
  <datafield tag="700" ind1=" " ind2=" ">
    <subfield code="a">Miller, Ian</subfield>
    <subfield code="e">illustrator </subfield>
  </datafield>
  <datafield tag="942" ind1=" " ind2=" ">
    <subfield code="2">ddc</subfield>
    <subfield code="c">BK</subfield>
    <subfield code="n">0</subfield>
  </datafield>
  <datafield tag="999" ind1=" " ind2=" ">
    <subfield code="c">5258</subfield>
    <subfield code="d">5258</subfield>
  </datafield>
  <datafield tag="952" ind1=" " ind2=" ">
    <subfield code="0">0</subfield>
    <subfield code="1">0</subfield>
    <subfield code="2">ddc</subfield>
    <subfield code="4">0</subfield>
    <subfield code="7">0</subfield>
    <subfield code="8">FIC</subfield>
    <subfield code="a">001</subfield>
    <subfield code="b">001</subfield>
    <subfield code="c">SBS</subfield>
    <subfield code="d">2024-11-21</subfield>
    <subfield code="l">0</subfield>
    <subfield code="o">POE 813.3 PZ7.P7515</subfield>
    <subfield code="p">FIS00299</subfield>
    <subfield code="r">2024-11-21 14:12:51</subfield>
    <subfield code="w">2024-11-21</subfield>
    <subfield code="y">BK</subfield>
  </datafield>
</record>
